دلائل وجود الله العظيم في الدين المصري القديم / (رقم التسجيلة. 135372)

تفاصيل مارك
000 -الفاتح
عناصر البيانات ثابتة الطول 00757cam a2200193 i 4500
005 - تاريخ ووقت آخر معاملة
حقل ضبط 20251203111900.0
008 - عناصر البيانات ثابتة الطول
عناصر البيانات ثابتة الطول 250721s2016 sy gr 000 0 ara d
020 ## - الترقيم الدولي المعياري للكتب (ردمك)
الترقيم الدولي المعياري للكتب (ردمك) 9789773768929
082 14 - رقم تصنيف ديوي العشري
رقم التصنيف 214.2
رقم المادة ح م ا
100 1# - مدخل رئيسي – اسم شخصي
الاسم الشخصي حماد، محمد راشد
علاقة الشخص بالعمل/ دوره تأليف.
245 10 - بيان العنوان
العنوان دلائل وجود الله العظيم في الدين المصري القديم /
بيان المسؤولية تأليف الدكتور محمد راشد حماد ؛ تقديم الأستاذ الدكتور زاهي حواس.
264 31 - بيانات النشر، التوزيع…إلخ
مكان النشر، التوزيع...إلخ دمشق :
اسم الناشر، الموزع...إلخ دار الكتاب العربي،
تاريخ النشر، التوزيع...إلخ 2016.
300 ## - الوصف المادي
عدد الوحدات المكونة للوعاء الجزء الأول.
650 17 - مدخل إضافي بالموضوع - مصطلح موضوعي
مصطلح موضوعي أو اسم جغرافي كعنصر مدخل العقيدة الدينية.
650 17 - مدخل إضافي بالموضوع - مصطلح موضوعي
مصطلح موضوعي أو اسم جغرافي كعنصر مدخل الإسلام.
650 17 - مدخل إضافي بالموضوع - مصطلح موضوعي
مصطلح موضوعي أو اسم جغرافي كعنصر مدخل الله.
942 ## - بيانات إضافية (كوها)
نوع التنصيف Dewey Decimal Classification
نوع المادة (كوها) كتب
المقتنيات
حالة السحب حالة الفقدان مصدر التصنيف حالة التلف غير قابل للإعارة المكتبة الرئيسية المكتبة الحالية موقع الرف تاريخ التزويد الرقم المتسلسل Total Checkouts رقم الإستدعاء الباركود تاريخ آخر ظهور تاريخ الفاتورة نوع المادة (كوها)
    Dewey Decimal Classification     المكتبة المركزية المكتبة المركزية الإعارة 28/07/2025 1643449   214.2 / ح م ا PLD00394805 28/07/2025 28/07/2025 كتب
    Dewey Decimal Classification     مكتبة أم قصير والمقابلين العامة مكتبة أم قصير والمقابلين العامة الإعارة 07/11/2016 1643451   214.2/حما PLD00397978 28/07/2025 07/11/2016 كتب
    Dewey Decimal Classification     مكتبة الاميرة بديعة مكتبة الاميرة بديعة الإعارة 07/11/2016 1643452   214.2/حما PLD00397979 28/07/2025 07/11/2016 كتب
    Dewey Decimal Classification     مكتبة الجويدة مكتبة الجويدة الإعارة 07/11/2016 1643450   214.2/حما PLD00397977 28/07/2025 07/11/2016 كتب
Implemented & Customized by: BBB with SCIT (Smart Chains for Information Technology)

Powered by Koha